De l'organisation de l'enseignement dans l'Université de Paris, au moyen-âge ... / (Record no. 18793)

MARC details
000 -LEADER
fixed length control field 00738cam a22002171i 4500
001 - CONTROL NUMBER
control field e 09000597
003 - CONTROL NUMBER IDENTIFIER
control field DLC
005 - DATE AND TIME OF LATEST TRANSACTION
control field 20260227111150.0
008 - FIXED-LENGTH DATA ELEMENTS--GENERAL INFORMATION
fixed length control field 790402s1850 fr 000 0 fre c
010 ## - LIBRARY OF CONGRESS CONTROL NUMBER
LC control number e 09000597
035 ## - SYSTEM CONTROL NUMBER
System control number (OCoLC)4812058
040 ## - CATALOGING SOURCE
Original cataloging agency Library, U.S. Bur. of Education
Transcribing agency MiKW
Modifying agency MiKW
-- DLC
042 ## - AUTHENTICATION CODE
Authentication code premarc
050 00 - LIBRARY OF CONGRESS CALL NUMBER
Classification number LF2166
Item number .T5
100 1# - MAIN ENTRY--PERSONAL NAME
Personal name Thurot, Charles,
Dates associated with a name 1823-1882.
245 10 - TITLE STATEMENT
Title De l'organisation de l'enseignement dans l'Université de Paris, au moyen-âge ... /
Statement of responsibility, etc. par Charles Thurot.
260 ## - PUBLICATION, DISTRIBUTION, ETC.
Place of publication, distribution, etc. Paris :
Name of publisher, distributor, etc. Dezobry, E. Magdeleine, et cie,
Date of publication, distribution, etc. 1850.
300 ## - PHYSICAL DESCRIPTION
Extent [4] leaves, 213, 16 p. ;
Dimensions 22 cm.
502 ## - DISSERTATION NOTE
Dissertation note Thèse - Faculté des lettres de Paris.
610 20 - SUBJECT ADDED ENTRY--CORPORATE NAME
Corporate name or jurisdiction name as entry element Université de Paris
General subdivision History.

No items available.

Powered by Koha